Service focus (Record no. 7276)

MARC details
000 -LEADER
fixed length control field 00675cab a2200229 4500
001 - CONTROL NUMBER
control field ABS54628
008 - FIXED-LENGTH DATA ELEMENTS--GENERAL INFORMATION
fixed length control field 090401t1996 xxu||||| |||| 00| 0 eng d
035 ## - SYSTEM CONTROL NUMBER
System control number (Sirsi) u11417
041 ## - LANGUAGE CODE
Language code of text/sound track or separate title eng
100 ## - MAIN ENTRY--PERSONAL NAME
Personal name Southern, G.
245 ## - TITLE STATEMENT
Title Service focus
260 ## - PUBLICATION, DISTRIBUTION, ETC.
Date of publication, distribution, etc. 1996
350 ## - PRICE (NR) (BK AM CF MU VM SE) [OBSOLETE]
Price 0
490 ## - SERIES STATEMENT
Series statement County News
Volume/sequential designation 88(9) February 1996, 30-31(2)
520 ## - SUMMARY, ETC.
Summary, etc. Summarises CIPFA highway and transport statistics, highlighting spending and investment figures.
650 ## - SUBJECT ADDED ENTRY--TOPICAL TERM
Topical term or geographic name entry element CHARTERED INSTITUTE OF PUBLIC FINANCE AND ACCOUNTANCY
650 ## - SUBJECT ADDED ENTRY--TOPICAL TERM
Topical term or geographic name entry element PUBLIC SPENDING
650 ## - SUBJECT ADDED ENTRY--TOPICAL TERM
Topical term or geographic name entry element TRANSPORT SPENDING
690 ## - LOCAL SUBJECT ADDED ENTRY--TOPICAL TERM (OCLC, RLIN)
Topical term or geographic name as entry element TRANSPORT AND COMMUNICATIONS
942 ## - ADDED ENTRY ELEMENTS (KOHA)
Suppress in OPAC 0
948 ## - LOCAL PROCESSING INFORMATION (OCLC); SERIES PART DESIGNATOR (RLIN)
c (OCLC) 04/03/1997
Holdings
Withdrawn status Lost status Source of classification or shelving scheme Damaged status Not for loan Home library Current library Shelving location Date acquired Total Checkouts Full call number Barcode Date last seen Copy number Price effective from Koha item type
    Dewey Decimal Classification     London London Journal article 14/09/1999   ABS54628 11417-1001 06/08/2019 1 06/08/2019 Journal article